书目信息 |
| 题名: |
科技期刊编辑有话说
|
|
| 作者: | 刘洁 编著 | |
| 分册: | ||
| 出版信息: | 北京 清华大学出版社 2022.08 |
|
| 页数: | 230页 | |
| 开本: | 20cm | |
| 丛书名: | ||
| 单 册: | ||
| 中图分类: | G235.753 | |
| 科图分类: | ||
| 主题词: | 出版工作 | |
| 电子资源: | ||
| ISBN: | 2-14-174686-8 | |
| 000 | 00611nam0 2200205 450 | |
| 001 | 2436901108 | |
| 005 | 20241128101726.78 | |
| 010 | @a2-14-174686-8@dCNY84.00 | |
| 100 | @a20241128d2022 km y0chiy0120 ea | |
| 101 | 0 | @achi |
| 102 | @aCN@b110000 | |
| 102 | @aCN@b110000 | |
| 200 | 1 | @a科技期刊编辑有话说@AKe Ji Qi Kan Bian Ji You Hua Shuo@f刘洁等编著@FLiu Jie Deng Bian Zhu |
| 210 | @a北京@c清华大学出版社@d2022.08 | |
| 215 | @a230页@d20cm | |
| 606 | 0 | @a出版工作 |
| 690 | @aG235.753@v4 | |
| 701 | 0 | @a刘洁@ALiu Jie@4编著 |
| 801 | 0 | @aCN@b大连网信软件有限公司图书馆·11@c20241128 |
| 905 | @aZUCC@dG235.753@e148 | |
| 科技期刊编辑有话说/刘洁等编著.-北京:清华大学出版社,2022.08 |
| 230页;20cm |
| ISBN 2-14-174686-8:CNY84.00 |
| ● |
| 相关链接 |
|
|
|
|
正题名:科技期刊编辑有话说
索取号:G235.753/148
 
预约/预借
| 序号 | 登录号 | 条形码 | 馆藏地/架位号 | 状态 | 备注 |
| 1 | 1417468 | 214174686 | 第一样本阅览室/ [索取号:G235.753/148] |
已借出,限还日期为2034.11.27 借出人:甄文全 |